| 000 | 00715cam a2200205 4500 | ||
|---|---|---|---|
| 008 | 081107s2004 sp 000 0 spa u | ||
| 020 | _a847698717 | ||
| 035 | _aa474941 | ||
| 050 | 0 | 4 |
_aKKT4048 _bF75 2004 |
| 100 | 1 | _aFrígols I Brines, Eliseu | |
| 245 | 1 | 0 |
_aFundamentos de la sucesión de leyes en el derecho penal español : _bexistencia y aplicabilidad temporal de las normas penales / _cEliseu Frígols I Brines. |
| 250 | _a1a ed. | ||
| 260 |
_aEspaña : _bJ. M. Bosch, Editor, _c2004 |
||
| 300 |
_a635 páginas ; _c24 cm. |
||
| 440 | 0 | _aBiblioteca de Derecho Penal. | |
| 504 | _aBibliografía : páginas 595-628 | ||
| 504 | _aIncluye índice | ||
| 506 | _aPifi 2006 | ||
| 650 | 4 |
_aDerecho penal _zEspaña |
|
| 942 |
_2lcc _cLIB |
||
| 999 |
_c147540 _d147538 |
||